Practical mathematics : (Record no. 12166)

000 -LEADER
fixed length control field 00420cam a2200145 i 4500
020 ## - INTERNATIONAL STANDARD BOOK NUMBER
ISBN 084656713X
040 ## - CATALOGING SOURCE
Transcribing agency DLC
082 00 - DEWEY DECIMAL CLASSIFICATION NUMBER
Classification number 512 CUM 1975 A032 Or.
-- 513/.2
100 1# - MAIN ENTRY--AUTHOR NAME
Personal name Siner, Helen B.
245 10 - TITLE STATEMENT
Title Practical mathematics :
Remainder of title decimals, ratios, proportions, and percents /
260 ## - PUBLICATION, DISTRIBUTION, ETC. (IMPRINT)
Place of publication Menlo Park, Calif. :
Name of publisher Cummings Pub. Co.,
Year of publication [1975]
300 ## - PHYSICAL DESCRIPTION
Number of Pages 104 p. :
Other physical details ill. ;
Dimensions 24 cm.
650 #0 - SUBJECT ADDED ENTRY--TOPICAL TERM
Topical Term Arithmetic.
942 ## - ADDED ENTRY ELEMENTS (KOHA)
Koha item type សៀវភៅភាសាអង់គ្លេស
952 ## - LOCATION AND ITEM INFORMATION (KOHA)
Withdrawn status [LOCAL, KOHA] 0
Holdings
Permanent Location Date acquired Koha item type Lost status Shelving location Barcode Current Location Full call number
Library Block A2017-08-10សៀវភៅភាសាអង់គ្លេស A032A18418Library Block A512 CUM 1975 A032 Or.
មជ្ឈមណ្ឌលឯការនៃសាកលវិទ្យាល័យភូមិន្ទកសិកម្មចំការដូង

Powered by Koha